Poland.
| Format: | Book |
|---|---|
| Published: |
Singapore:
Apa Publications,
2004.
|
| Series: | Insight guides
|
| Subjects: |
| LEADER | 00415cam a2200157 7i4500 | ||
|---|---|---|---|
| 001 | 0000015014 | ||
| 005 | 20050205090000.0 | ||
| 020 | 0 | 0 | |a 981-234-948-0 |
| 090 | 0 | 0 | |a POLD 914.8204 |b POL |
| 245 | 0 | 0 | |a Poland. |
| 260 | 0 | 0 | |a Singapore: |b Apa Publications, |c 2004. |
| 300 | # | # | |a 416 p. |
| 440 | 0 | 0 | |a Insight guides |
| 650 | 0 | 0 | |a Poland -- |x Guidebooks |
| 651 | 0 | 0 | |a Poland |
| 999 | |a B000016514 |b Book |c Countries |e Business Information Centre | ||


